<?xml version="1.0" encoding="UTF-8"?>
<record
    xmlns:xsi="http://www.w3.org/2001/XMLSchema-instance"
    xsi:schemaLocation="http://www.loc.gov/MARC21/slim http://www.loc.gov/standards/marcxml/schema/MARC21slim.xsd"
    xmlns="http://www.loc.gov/MARC21/slim">

  <leader>02728nam a2200373uu 4500</leader>
  <controlfield tag="001">1403376</controlfield>
  <controlfield tag="005">20260508085758.0</controlfield>
  <controlfield tag="007">co|||||||</controlfield>
  <controlfield tag="008">150313s2014                        spa  </controlfield>
  <datafield tag="035" ind1=" " ind2=" ">
    <subfield code="a">1403376</subfield>
  </datafield>
  <datafield tag="040" ind1=" " ind2=" ">
    <subfield code="c">comduadb</subfield>
  </datafield>
  <datafield tag="041" ind1=" " ind2=" ">
    <subfield code="a">spa</subfield>
  </datafield>
  <datafield tag="080" ind1=" " ind2=" ">
    <subfield code="a">TR/CD</subfield>
  </datafield>
  <datafield tag="082" ind1=" " ind2="4">
    <subfield code="a">153</subfield>
  </datafield>
  <datafield tag="100" ind1="1" ind2="0">
    <subfield code="a">Gil Alcal&#xE1;, Liceth Dayana</subfield>
    <subfield code="4">aut</subfield>
    <subfield code="e">aut</subfield>
    <subfield code="9">709836</subfield>
  </datafield>
  <datafield tag="245" ind1="1" ind2="0">
    <subfield code="a">Motivaciones que impulsan a cinco j&#xF3;venes de la vereda Campo Alegre a terminar sus estudios de bachillerato. Desde una perspectiva existencial humanista</subfield>
  </datafield>
  <datafield tag="260" ind1=" " ind2=" ">
    <subfield code="a">Andes (Antioquia) :</subfield>
    <subfield code="b">Autor(a),</subfield>
    <subfield code="c">2014.</subfield>
  </datafield>
  <datafield tag="300" ind1=" " ind2=" ">
    <subfield code="a">1 CD-ROM</subfield>
  </datafield>
  <datafield tag="520" ind1="3" ind2=" ">
    <subfield code="a">Debido a la oferta acad&#xE9;mica de escuelas rurales de nuestro pa&#xED;s, y los factores adversos que presentan los estudiantes al trasladarse de una zona rural a una urbana seguir sus estudios, surgi&#xF3; la idea de indagar sobre las motivaciones que impulsan a los j&#xF3;venes de la vereda Campo Alegre a culminar sus estudios de bachillerato, desde una perspectiva existencial-humanista. La investigaci&#xF3;n se llev&#xF3; a cabo en la vereda Campo Alegre del Municipio de Caucasia, con cinco j&#xF3;venes actualmente cursando la secundaria. 
Esta investigaci&#xF3;n se apoya en la teor&#xED;a de las motivaciones desde un enfoque existencial. Los resultados se obtuvieron a partir de la aplicaci&#xF3;n de una entrevista semi-estructurada dirigida a cada uno de los j&#xF3;venes y se complement&#xF3; con informaci&#xF3;n personal sobre la vida acad&#xE9;mica.
Los resultados obtenidos permitieron hacer un an&#xE1;lisis sobre cada uno de los casos, y de &#xE9;sta manera, conocer las motivaciones que tienen los j&#xF3;venes en relaci&#xF3;n al estudio. De estos resultados se observ&#xF3; que la principal motivaci&#xF3;n para el joven culminar sus estudios, es poder ayudar a sus familias y llegar a ser un profesional. Enfrent&#xE1;ndose a situaciones adversas y estar en constante auto-actualizaci&#xF3;n.</subfield>
  </datafield>
  <datafield tag="650" ind1=" " ind2="7">
    <subfield code="a">Motivaci&#xF3;n en educaci&#xF3;n</subfield>
    <subfield code="2">lemb</subfield>
    <subfield code="9">219887</subfield>
  </datafield>
  <datafield tag="650" ind1=" " ind2="7">
    <subfield code="a">Educaci&#xF3;n rural</subfield>
    <subfield code="2">lemb</subfield>
    <subfield code="9">559</subfield>
  </datafield>
  <datafield tag="650" ind1=" " ind2=" ">
    <subfield code="a">Educaci&#xF3;n rural - Antioquia</subfield>
    <subfield code="9">8291</subfield>
  </datafield>
  <datafield tag="650" ind1=" " ind2=" ">
    <subfield code="a">Educacion urbana</subfield>
    <subfield code="9">92117</subfield>
  </datafield>
  <datafield tag="650" ind1=" " ind2=" ">
    <subfield code="a">Caucasia (Antioquia, Colombia)</subfield>
    <subfield code="9">53184</subfield>
  </datafield>
  <datafield tag="650" ind1=" " ind2=" ">
    <subfield code="a">Caucasia (Antioquia) - Educacion</subfield>
    <subfield code="9">155351</subfield>
  </datafield>
  <datafield tag="650" ind1=" " ind2="7">
    <subfield code="a">&#xC9;xito </subfield>
    <subfield code="x">Aspectos psicol&#xF3;gicos</subfield>
    <subfield code="2">lemb</subfield>
    <subfield code="9">70783</subfield>
  </datafield>
  <datafield tag="650" ind1=" " ind2=" ">
    <subfield code="a">Adversidad</subfield>
    <subfield code="9">69716</subfield>
  </datafield>
  <datafield tag="650" ind1=" " ind2="7">
    <subfield code="a">Psicopedagog&#xED;a</subfield>
    <subfield code="2">armarc</subfield>
    <subfield code="9">111057</subfield>
  </datafield>
  <datafield tag="650" ind1=" " ind2="7">
    <subfield code="a">Motivaci&#xF3;n (Psicolog&#xED;a)</subfield>
    <subfield code="2">lemb</subfield>
    <subfield code="9">19584</subfield>
  </datafield>
  <datafield tag="700" ind1="1" ind2="0">
    <subfield code="a">Orrego Agudelo, Yuliana</subfield>
    <subfield code="4">aut</subfield>
    <subfield code="e">aut</subfield>
    <subfield code="9">696077</subfield>
  </datafield>
  <datafield tag="700" ind1="1" ind2="0">
    <subfield code="a">V&#xE9;lez C&#xF3;rdoba, Olga Cecilia</subfield>
    <subfield code="4">ths</subfield>
    <subfield code="e">ths</subfield>
    <subfield code="9">269495</subfield>
  </datafield>
  <datafield tag="856" ind1="4" ind2=" ">
    <subfield code="u">http://bibliotecadigital.udea.edu.co/simple-search?query=Motivaciones+que+impulsan+a+cinco+j%C3%B3venes+de+la+vereda+Campo+Alegre+a+terminar+sus+estudios+de+bachillerato.+Desde+una+perspectiva+existencial+humanista</subfield>
  </datafield>
  <datafield tag="942" ind1=" " ind2=" ">
    <subfield code="c">BOOK</subfield>
  </datafield>
  <datafield tag="999" ind1=" " ind2=" ">
    <subfield code="c">705911</subfield>
    <subfield code="d">705911</subfield>
  </datafield>
  <datafield tag="952" ind1=" " ind2=" ">
    <subfield code="0">0</subfield>
    <subfield code="1">0</subfield>
    <subfield code="4">0</subfield>
    <subfield code="7">0</subfield>
    <subfield code="8">DIGITAL</subfield>
    <subfield code="a">CISH</subfield>
    <subfield code="b">CISH</subfield>
    <subfield code="d">2015-03-13</subfield>
    <subfield code="e">Material adquirido por donaci&#xF3;n</subfield>
    <subfield code="i">C1222822</subfield>
    <subfield code="l">0</subfield>
    <subfield code="o">TR/CD-10784</subfield>
    <subfield code="p">15986500</subfield>
    <subfield code="r">2023-05-03 00:00:00</subfield>
    <subfield code="t">1</subfield>
    <subfield code="w">2023-05-03</subfield>
    <subfield code="y">DIGITAL</subfield>
  </datafield>
  <datafield tag="952" ind1=" " ind2=" ">
    <subfield code="0">0</subfield>
    <subfield code="1">0</subfield>
    <subfield code="4">0</subfield>
    <subfield code="7">0</subfield>
    <subfield code="8">DIGITAL</subfield>
    <subfield code="a">CAUCA</subfield>
    <subfield code="b">CAUCA</subfield>
    <subfield code="d">2015-06-09</subfield>
    <subfield code="e">Material adquirido por donaci&#xF3;n</subfield>
    <subfield code="i">C1227083</subfield>
    <subfield code="l">0</subfield>
    <subfield code="o">153.1534 G463 CD-ROM</subfield>
    <subfield code="p">0993545</subfield>
    <subfield code="r">2023-05-03 00:00:00</subfield>
    <subfield code="t">2</subfield>
    <subfield code="w">2023-05-03</subfield>
    <subfield code="y">DIGITAL</subfield>
  </datafield>
</record>
